00424nam a2200133Ia 4500082001200000100001800012245007200030260002600102300002100128650003700149650004300186650004300229710001800272 aTS.0699 aSisodia, S.S. 0aU.P. Public Relations Department : A study in public administration c1972bAgra University a425p. + C D - 58 aPUBLIC RELATIONS - UTTAR PRADESH aPUBLIC ADMINISTRATION - UTTAR PRADESH  aUTTAR PRADESH - INFORMATION DEPARTMENT aSukhbir Singh